00800 a2200229 4500010001400000020002600014035001300040037001600053082001400069090001500083100001800098245003500116250001100151260004500162270010200207300003000309700002100339700002700360942002900387999001500416952013900431 aENG-88998 c375.00a9788175346512 aEN-72531 bDBAD / PUB14a346.54066 c9817d9817 aSaharay, H.K.10aCompany law /cby H.K. Saharay a5th ed aDelhibUniversal Law Publishing Coc2008 aC-FF-1A, Dilkhush Induatrial Estate, Opp. Hans Cinema, G. T. Karnal Raod, AzadpurbDelhie110 033 acviii, 643p.c22 cm (pbk) aKhan, Nizamuddin aHashmi, S.Najmul Islam adplcENk346.54066 / SAH c9638d9638 00102ddc40718NFICaDBADbDBADeDBAD/PUBg375.00l0o346.54066 SAHpEN-72531r2008-09-15 00:00:00t1u10626v375.00w2008-09-15yEN